Využitie cukornatých surovín pre výrobu bioetanolu

Salvato in:
Dettagli Bibliografici
Autore principale: Madara, Jaroslav, 1988- (Autore)
Altri autori: Blinová, Lenka, 1984- (Relatore della tesi)
Natura: Manoscritto Libro
Lingua:slovacco
Pubblicazione: Trnava : STU v Bratislave MTF UBEI, 2013
Soggetti:
Accesso online:VAIS
Tags: Aggiungi Tag
Nessun Tag, puoi essere il primo ad aggiungerne!!

MARC

LEADER 00000ntm a22000003a 4500
001 stu268123
005 20160719160716.3
008 130612s2013----xo------------------slo-d
040 |a STU  |b slo 
041 0 |a slo 
044 |a xo 
100 1 |a Madara, Jaroslav,  |d 1988-  |4 aut  |X 48508  |7 A000048508 
242 0 0 |a Production of bioethanol from sugar beet   |y eng 
245 1 |a Využitie cukornatých surovín pre výrobu bioetanolu 
260 |a Trnava :  |b STU v Bratislave MTF UBEI,  |c 2013 
650 7 |a integrovaná bezpečnosť  |2 stusub 
650 7 |a Integrated Safety  |2 estusub 
650 7 |a biofuels  |2 estusub 
650 7 |a bioethanol  |2 estusub 
650 7 |a biopalivá  |2 stusub 
650 7 |a bioetanol  |2 stusub 
700 1 |a Blinová, Lenka,  |d 1984-  |4 ths  |u M5000  |U MTF Materiálovotechnologická fakulta  |T MTF Ústav bezpečnosti, environmentu a kvality  |X 34036  |U M5000  |Y 85  |7 A000034036 
856 4 |a info a plný text  |u http://is.stuba.sk/zp/portal_zp.pl?podrobnosti=90046  |3 VAIS 
996 |c M*DP-11368  |l MMSKP  |s P  |a 0  |w stu268123_0001